Sports Quiz

Random Sports or University Quiz
Score 0/57 Timer 12:00
0 Plays Today
Years Played Player % Correct
1982-86Kenny Walker
88.9%
1990-93Jamal Mashburn
87.9%
1967-70Dan Issel
86.9%
2007-PresentPatrick Patterson
86.2%
1998-2002Tayshaun Prince
84.7%
1992-96Tony Delk
84.2%
1999-2003Keith Bogans
81.5%
1974-78Jack Givens
73.1%
2006-09Jodie Meeks
71.5%
1995-97Ron Mercer
71.2%
2004-08Joe Crawford
70.4%
1964-67Pat Riley
70.1%
1979-84Sam Bowie
69.6%
2001-05Chuck Hayes
67.9%
2004-08Ramel Bradley
67.7%
1986-88Rex Chapman
67%
2000-04Gerald Fitch
66.1%
1977-80Kyle Macy
65%
1994-99Scott Padgett
64.8%
1988-92John Pelphrey
61.2%
1995-99Wayne Turner
58.5%
1980-84Melvin Turpin
58%
1993-98Jeff Sheppard
55.8%
2000-04Erik Daniels
54.6%
2004-07Randolph Morris
54.4%
1996-2000Jamaal Magloire
53.8%
1961-64Cotton Nash
53.2%
1945-49Wallace 'Wah-Wah' Jones
52.2%
1988-92Deron Feldhaus
50.4%
Years Played Player % Correct
1986-90Derrick Miller
49.5%
1944-49Alex Groza
47.2%
1974-78Rick Robey
45.8%
1967-70Mike Pratt
44.5%
1945-49Ralph Beard
44.4%
1972-75Kevin Grevey
44.3%
1992-95Rodrick Rhodes
42.9%
1964-67Louie Dampier
42.7%
1950-54Cliff Hagan
42.3%
1984-88Ed Davender
42.2%
1983-88Winston Bennett
37.1%
1949-51Bill Spivey
34.6%
1987-91Reggie Hanson
33.4%
1974-78Mike Phillips
32.8%
1980-84Jim Master
31.9%
1967-71Mike Casey
31.8%
1950-54Frank Ramsey
30.5%
1979-83Dirk Minniefield
28.5%
1979-83Derrick Hord
27%
1955-58Vernon Hatton
26.1%
1956-59Johnny Cox
25.5%
1972-75Jimmy Dan Connor
23.3%
1970-73Jim Andrews
22.7%
1954-56Bob Burrow
21.6%
1969-72Tom Parker
20.1%
1946-50Jim Line
18.1%
1949-52Bobby Watson
17.5%
1958-61Billy Ray Lickert
15.4%
Come Together.
Have Fun.
All Virtual.
We all need to come together. Play Sporcle's virtual live trivia to have fun, connect with people, and get your trivia on. Join a live hosted trivia game for your favorite pub trivia experience done virtually. If a virtual private party is more your thing, go here for details.

You're not logged in!

Compare scores with friends on all Sporcle quizzes.
OR
Log In

Sporcle TV

Today on Sporcle TV


Watch our educational content, quiz creation guides, and fun videos on Sporcle TV.

Show Comments

Extras

Top Quizzes Today


Score Distribution

Paid Content

Your Account Isn't Verified!

In order to create a playlist on Sporcle, you need to verify the email address you used during registration. Go to your Sporcle Settings to finish the process.

Report this User

Report this user for behavior that violates our Community Guidelines.

Details: